000 00853nam a2200217Ii 4500
003 JO-AjNU
008 230605s9999||||xx |||||||||||||| ||und||
017 _a34726
040 _aJO-AjNU
_bara
_erda
_cJO-AjNU
041 _aara
050 1 4 _aKMM108.9.U42.1995
100 3 _aالعكيلي، عزيز,
_eauthor
_947126
245 0 0 _aالشركات التجارية في القانون الاردني : دراسة مقارنة مع قوانين الشركات في كل من العراق وسوريا ولبنان والسعودية ومصر
250 _a(د،ط)
264 3 1 _aعمان : مكتبة دار الثقافة ، 1995
300 _a550ص
336 _atext
_btxt
_2rdacontent
337 _aunmediated
_bn
_2rdamedia
338 _avolume
_bnc
_2rdacarrier
650 4 _aشركات -- قوانين وتشريعات -- الاردن
_947127
999 _aA20550
_c24118
_d24118